أدب الرحلات : (Record no. 14087)
[ view plain ]
| 000 -الفاتح | |
|---|---|
| حقل البيانات ثابتة الطول | 01002nam a2200241 i 4500 |
| 003 - محدد رقم الضبط | |
| رقم الضبط | EG-ScBUE |
| 005 - وقت وتاريخ اخر تعامل مع التسجيلة | |
| رقم الضبط | 20240708100511.0 |
| 008 - عناصر البيانات ثابتة الطول - معلومات عامة | |
| حقل البيانات ثابتة الطول | 100613s1966 le f 000 0cara d |
| 040 ## - مصدر الفهرسة | |
| وكالة الفهرسة الأصلية | EG-ScBUE |
| لغة الفهرسة | ara |
| قواعد الوصف | rda |
| وكالة النسخ | EG-ScBUE |
| وكالة التعديل | EG-ScBUE |
| 082 04 - رقم تصنيف ديوى العشرى | |
| رقم الطبعة | 22 |
| رقم التصنيف | 915.6 |
| رقم المادة | غ ر ي |
| 100 1# - المدخل الرئيسى - إسم شخصى | |
| 9 (RLIN) | 14753 |
| الإسم الشخصى | غريب، جورج، |
| الدور | مؤلف. |
| 245 10 - بيان العنوان | |
| العنوان | أدب الرحلات : |
| بقية العنوان | تاريخه وأعلامه : المسعودي - ابن بطوطة - الريحاني / |
| بيان المسئوليه,etc | جورج غريب، أستاذ الأدب العربي في المعهد الأنطوني. |
| 264 #1 - النشر، التوزيع | |
| مكان الناشر او الموزع | بيروت : |
| اسم الناشر او الموزع | دار الثقافة، |
| تاريخ النشر أو التوزيع | [1966] |
| 300 ## - الوصف المادى | |
| التعداد | 255 صفحة ؛ |
| أبعاد الوعاء | 15 سم. |
| 336 ## - نوع المحتوى | |
| source | rdacontent |
| Carrier Type Term | نص |
| Content Type Code | txt |
| 337 ## - نوع الوسيط | |
| Media Type Term | بدون وسيط |
| source | rdamedia |
| Media Type Code | n |
| 338 ## - نوع الحامل أو الناقل | |
| Carrier Type Term | مجلد |
| Carrier Type Code | nc |
| source | rdacarrier |
| 490 0# - بيان السلسلة | |
| عنوان السلسلة | سلسلة الموسوع في الأدب العربي ؛ |
| رقم المجلد/ التعيين التسلسلي | 7 |
| 541 ## - تبصرة المصدر المباشر للتزويد | |
| طريقة التزويد | Donation ; |
| مصدر التزويد | Alaa Abdel Ghaney. |
| 650 #7 - المدخل الاضافى بالموضوع-مصطلح موضوعى | |
| 9 (RLIN) | 13597 |
| مصطلح موضوعي أو اسم جغرافي كعنصر مدخل | الرحالة العرب |
| التقسيم الفرعي الشكلي | تراجم. |
| مصدر الرأس أو المصطلح | BUEsh |
| 655 ## - مصطلح تكشيفى-نوع/شكل | |
| التقسيم الفرعي الشكلي | Reading book |
| 942 ## - عناصر المدخل الإضافي( كوها) | |
| مصدر التصنيف او مخطط الترفيف | Dewey Decimal Classification |
| Koha [default] item type | Book - Borrowing |
| حالة التراجع | حالة الفقد | مصدر التصنيف او خطة الترفيف | حالة تلف | ليس للاعارة | مجموعات كوها | المكان الدائم | المكان الحالي | موقع الترفيف | تاريخ الاكتساب | Source of acquisition | رقم الاستدعاء | الباركود | Date last seen | نوع الوعاء |
|---|---|---|---|---|---|---|---|---|---|---|---|---|---|---|
| Dewey Decimal Classification | Donation-Gift | Central Library | Central Library | Second Floor | 15/06/2010 | Donation | 915.6 غ ر ي | 000020771 | 15/07/2025 | Book - Borrowing |